Teaching Gifted Kids in the Regular Classroom :Strategies and Techniques Every Teacher can Use to Meet the Academic Needs of the Gifted And Talented (Record no. 24234)

MARC details
000 -LEADER
fixed length control field 00689nam a22001937a 4500
003 - CONTROL NUMBER IDENTIFIER
control field OSt
005 - DATE AND TIME OF LATEST TRANSACTION
control field 20260615095312.0
008 - FIXED-LENGTH DATA ELEMENTS--GENERAL INFORMATION
fixed length control field 260615b |||||||| |||| 00| 0 eng d
020 ## - INTERNATIONAL STANDARD BOOK NUMBER
International Standard Book Number 1575420899
040 ## - CATALOGING SOURCE
Transcribing agency Chuka University Library
050 ## - LIBRARY OF CONGRESS CALL NUMBER
Classification number LC 3993.9
Item number .W5 2001
100 ## - MAIN ENTRY--PERSONAL NAME
Personal name Winebrenner, Susan
9 (RLIN) 27084
245 ## - TITLE STATEMENT
Title Teaching Gifted Kids in the Regular Classroom :Strategies and Techniques Every Teacher can Use to Meet the Academic Needs of the Gifted And Talented
260 ## - PUBLICATION, DISTRIBUTION, ETC.
Place of publication, distribution, etc. Minneapolis
Name of publisher, distributor, etc. Free Spirit
Date of publication, distribution, etc. 2001
300 ## - PHYSICAL DESCRIPTION
Extent xi, 243pp
Other physical details Illustrated
650 ## - SUBJECT ADDED ENTRY--TOPICAL TERM
Topical term or geographic name entry element Gifted children -Education -United States
9 (RLIN) 29093
700 ## - ADDED ENTRY--PERSONAL NAME
Personal name Espeland, Pamela (Ed.)
9 (RLIN) 29094
942 ## - ADDED ENTRY ELEMENTS (KOHA)
Source of classification or shelving scheme Library of Congress Classification
Koha item type Long Loan Books
Suppress in OPAC No
Holdings
Withdrawn status Lost status Source of classification or shelving scheme Damaged status Not for loan Collection Home library Current library Shelving location Date acquired Source of acquisition Cost, normal purchase price Total Checkouts Full call number Barcode Date last seen Price effective from Koha item type
    Library of Congress Classification     General Collection Books Main Campus Library Main Campus Library General Stacks 15/06/2026 Donation from Books for Africa 2475.28   LC 3993.9 .W5 2001 342621/2026 15/06/2026 15/06/2026 Long Loan Books

Powered by Koha